[Event "Aut_2.Bundesliga_Ost_2004/05"]
[Site "Eichgraben(1+2) Wien(3+4) Wien"]
[Date "2004.11.21"]
[Round "4"]
[Board "2"]
[White "Chytilek, Roman"]
[Black "Lipka, Juraj"]
[Result "1-0"]
[WhiteElo "2424"]
[BlackElo "2387"]
[PlyCount "49"]

1.d4 d5 2.c4 c6 3.Nf3 Nf6 4.Nc3 a6 5.a4 g6 6.Bf4 Bg7 7.e3 O-O 8.Qb3 e6 9.cxd5
exd5 10.Bxb8 Rxb8 11.Bxa6 Ne4 12.Bd3 Re8 13.Qc2 f5 14.O-O g5 15.Nd2 Nd6 16.b4 g4
17.Rfe1 Re6 18.b5 Qe7 19.bxc6 bxc6 20.Ne2 Ne4 21.Nf4 Rh6 22.Nf1 Qd6 23.Rab1 Ra8
24.Rb6 Nf6 25.Rxc6

[Event "Aut_2.Bundesliga_Ost_2004/05"]
[Site "Eichgraben(1+2) Wien(3+4) Wien"]
[Date "2004.11.21"]
[Round "4"]
[Board "3"]
[White "Alvir, Aco"]
[Black "Groetz, Harald"]
[Result "0-1"]
[WhiteElo "2381"]
[BlackElo "2299"]
[PlyCount "108"]

1.e4 c5 2.Nc3 d6 3.f4 Nc6 4.Nf3 g6 5.Bc4 Bg7 6.O-O e6 7.d3 Nge7 8.a4 Nd4 9.Nxd4
cxd4 10.Ne2 O-O 11.Bb3 Nc6 12.Qe1 Kh8 13.Bd2 a5 14.Kh1 f5 15.Ng1 Qf6 16.Nf3 Bd7
17.Qe2 Rae8 18.Rae1 e5 19.fxe5 dxe5 20.c3 dxc3 21.Bxc3 f4 22.Bd5 g5 23.Bxc6 Bxc6
24.g4 Bxa4 25.Bxa5 Rf7 26.Ra1 Bb5 27.Bc3 Qd8 28.Rfd1 Rd7 29.Ne1 Qb6 30.Qf3 Qe6
31.Ra5 Bc6 32.Rda1 b6 33.R5a3 Bf8 34.b4 Red8 35.h3 Bb5 36.Ra8 Rxa8 37.Rxa8 Kg7
38.Qd1 Bc6 39.Ra3 Bxe4+ 40.Kg1 Bc6 41.Nf3 Bxf3 42.Qxf3 Qd5 43.Kf2 Bc5+ 44.Ke2
Qxf3+ 45.Kxf3 Rxd3+ 46.Ke4 Re3+ 47.Kf5 Bd4 48.Ra7+ Kf8 49.Kf6 Ke8 50.Ke6 Kd8
51.Bd2 Rd3 52.Bc1 Rd1 53.Ba3 b5 54.Rf7 Ra1

[Event "Aut_2.Bundesliga_Ost_2004/05"]
[Site "Eichgraben(1+2) Wien(3+4) Wien"]
[Date "2004.11.21"]
[Round "4"]
[Board "4"]
[White "Hangweyrer, Manfred"]
[Black "Smolen, Jan"]
[Result "1/2-1/2"]
[WhiteElo "2347"]
[BlackElo "2334"]
[PlyCount "79"]

1.e4 c5 2.Nc3 Nc6 3.Bb5 Nd4 4.Bc4 e6 5.Nf3 Ne7 6.Nxd4 cxd4 7.Ne2 Nc6 8.O-O Bc5
9.c3 O-O 10.d3 d5 11.Bb3 dxe4 12.cxd4 exd3 13.dxc5 dxe2 14.Qxe2 Nd4 15.Qe3 Nxb3
16.axb3 Bd7 17.Rd1 Qe7 18.Bd2 Bc6 19.Bc3 f6 20.Rd6 e5 21.b4 a6 22.Rad1 Rae8
23.f3 Qf7 24.Re1 Re7 25.Qd3 Qe8 26.Qc4+ Kh8 27.Qh4 Qg6 28.Qg3 Qf7 29.Qh4 Rfe8
30.h3 h6 31.Kh2 Kh7 32.Qg3 e4 33.fxe4 Rxe4 34.Rxe4 Rxe4 35.Rd4 f5 36.Rxe4 Bxe4
37.Bd2 Bc6 38.Bc3 Be4 39.Qe5 Qg6 40.Qg3

[Event "Aut_2.Bundesliga_Ost_2004/05"]
[Site "Eichgraben(1+2) Wien(3+4) Wien"]
[Date "2004.11.21"]
[Round "4"]
[Board "5"]
[White "Kuthan, Andreas"]
[Black "Batyte, Daiva"]
[Result "1-0"]
[WhiteElo "2235"]
[BlackElo "2130"]
[PlyCount "93"]

1.e4 e5 2.Nf3 Nf6 3.Nxe5 d6 4.Nf3 Nxe4 5.Bd3 d5 6.Qe2 Qe7 7.O-O Nc6 8.Re1 Nd6
9.Nc3 Be6 10.Qd1 O-O-O 11.Nxd5 Qd7 12.Ne3 Be7 13.Be2 g5 14.d4 Nf5 15.c3 Rhg8
16.Bb5 Nxe3 17.Bxe3 Bf6 18.Ne5 Bxe5 19.dxe5 Qxd1 20.Raxd1 Rxd1 21.Rxd1 Nxe5
22.Bxa7 Nc4 23.b3 Nd6 24.Be2 Kd7 25.Be3 Ra8 26.Rd2 f6 27.Bf3 Ke7 28.Bc5 Rb8
29.c4 b6 30.Bd4 c5 31.Bxf6+ Kxf6 32.Rxd6 Ke5 33.Rd1 b5 34.Bd5 Bf5 35.cxb5 Rxb5
36.Bc4 Ra5 37.Rd5+ Kf6 38.a4 Be4 39.Rd7 Bf5 40.Rd6+ Ke5 41.Rd5+ Kf6 42.f3 Bc8
43.Kf2 h5 44.h4 gxh4 45.Rxh5 h3 46.g4 Bd7 47.Kg3

[Event "Aut_2.Bundesliga_Ost_2004/05"]
[Site "Eichgraben(1+2) Wien(3+4) Wien"]
[Date "2004.11.21"]
[Round "4"]
[Board "6"]
[White "Schirmbeck, Hannes"]
[Black "Eder, Martin"]
[Result "1-0"]
[WhiteElo "2139"]
[BlackElo "2197"]
[PlyCount "81"]

1.e4 c6 2.d4 d5 3.e5 Bf5 4.Nf3 e6 5.Be2 c5 6.Be3 Nc6 7.O-O Nge7 8.c4 dxc4 9.Na3
Nd5 10.Bg5 f6 11.exf6 gxf6 12.Bc1 cxd4 13.Nxd4 Nxd4 14.Qxd4 Bxa3 15.bxa3 b5
16.Bh5+ Bg6 17.Bg4 Kf7 18.Re1 Re8 19.Bh6 Qb6 20.Bxe6+ Rxe6 21.Qxd5 Rd8 22.Qf3
Qc6 23.Qc3 Rde8 24.Rxe6 Rxe6 25.h4 a6 26.Rd1 Bd3 27.Qd4 Qe4 28.Qc5 Kg6 29.Qf8
Qg4 30.Rc1 Kh5 31.Be3 f5 32.Qf7+ Qg6 33.Qc7 Be4 34.g3 Bd3 35.Kh2 h6 36.Re1 Qg4
37.Qf7+ Rg6 38.Bxh6 Be4 39.Bf4 Qxf4 40.gxf4 Kh6 41.Rg1

[Event "Aut_2.Bundesliga_Ost_2004/05"]
[Site "Eichgraben(1+2) Wien(3+4) Wien"]
[Date "2004.11.21"]
[Round "4"]
[Board "1"]
[White "Gross, Stefan"]
[Black "Plachetka, Jan"]
[Result "1/2-1/2"]
[WhiteElo "2274"]
[BlackElo "2435"]
[PlyCount "23"]

1.Nf3 c5 2.c4 Nc6 3.Nc3 g6 4.e3 Nf6 5.d4 d5 6.dxc5 Be6 7.Ng5 Bg7 8.Nxe6 fxe6
9.cxd5 exd5 10.Bb5 O-O 11.O-O e6 12.Rb1

[Event "Aut_2.Bundesliga_Ost_2004/05"]
[Site "Eichgraben(1+2) Wien(3+4) Wien"]
[Date "2004.11.21"]
[Round "4"]
[Board "2"]
[White "Staudner, Oliver"]
[Black "Neumeier, Klaus"]
[Result "1-0"]
[WhiteElo "2392"]
[BlackElo "2304"]
[PlyCount "201"]

1.e4 e5 2.Nf3 Nc6 3.d4 exd4 4.Nxd4 Nf6 5.Nxc6 bxc6 6.e5 Qe7 7.Qe2 Nd5 8.c4 Nb6
9.Nd2 d5 10.exd6 cxd6 11.b3 Bg4 12.f3 Be6 13.Bb2 d5 14.cxd5 Nxd5 15.O-O-O Qg5
16.h4 Qe3 17.h5 Rg8 18.Re1 Qxe2 19.Bxe2 Bb4 20.a3 Bxd2+ 21.Kxd2 Nf4 22.Ba6 Rd8+
23.Kc3 Rd5 24.Bc4 Rc5 25.Bc1 Nxh5 26.Kb4 Rxc4+ 27.bxc4 Nf6 28.Bb2 Ke7 29.Bd4
Rb8+ 30.Kc3 Nd7 31.Rxh7 g6 32.Rhh1 c5 33.Bf2 Rb6 34.Ra1 Ra6 35.a4 Ra5 36.Rhb1
Nb6 37.Rb5 Nxa4+ 38.Kd2 Ra6 39.Rxc5 Kd7 40.Rb5 Bxc4 41.Rb7+ Kc6 42.Rxa7 Rxa7
43.Bxa7 Nc5 44.Bxc5 Kxc5 45.Ke3 Kd6 46.Kd4 Be6 47.Ra7 g5 48.Ke4 f6 49.Kd4 Bb3
50.Rb7 Ba2 51.Rb6+ Ke7 52.Kc5 Bf7 53.Rd6 Ba2 54.Kc6 Bc4 55.Rd4 Bf1 56.Rd2 Ke6
57.g3 Bc4 58.Kc5 Bf1 59.Rd1 Bg2 60.Rd3 Bf1 61.Re3+ Kf7 62.Kd6 Bc4 63.Re1 Bb3
64.Rb1 Bc4 65.Rb7+ Kf8 66.Rc7 Bb3 67.Ra7 Bc4 68.Kc5 Be2 69.Kd5 Bxf3+ 70.Ke6 g4
71.Kxf6 Kg8 72.Kg6 Be4+ 73.Kg5 Bf3 74.Rc7 Kf8 75.Kf6 Kg8 76.Rc5 Be2 77.Rg5+ Kf8
78.Rg7 Bf3 79.Kg6 Be4+ 80.Kh6 Bf3 81.Kh7 Be4+ 82.Kh8 Bf3 83.Ra7 Be2 84.Ra4 Kf7
85.Kh7 Bd3+ 86.Kh6 Be2 87.Rf4+ Kg8 88.Kg6 Bf3 89.Rb4 Kf8 90.Rb8+ Ke7 91.Kg7 Ke6
92.Re8+ Kf5 93.Rf8+ Kg5 94.Rb8 Kf5 95.Rb5+ Ke6 96.Rb4 Kf5 97.Rf4+ Kg5 98.Rb4 Kf5
99.Kh6 Be4 100.Rxe4 Kxe4 101.Kg5

[Event "Aut_2.Bundesliga_Ost_2004/05"]
[Site "Eichgraben(1+2) Wien(3+4) Wien"]
[Date "2004.11.21"]
[Round "4"]
[Board "4"]
[White "Schumi, Manfred"]
[Black "Hechl, Gerald"]
[Result "1/2-1/2"]
[WhiteElo "2225"]
[BlackElo "2252"]
[PlyCount "56"]

1.e4 e6 2.d4 d5 3.Nc3 h6 4.Nf3 Nf6 5.Bd3 Bb4 6.exd5 exd5 7.O-O O-O 8.Ne5 Nc6
9.Ne2 Nxe5 10.dxe5 Ng4 11.Nf4 c6 12.Qe2 Qe7 13.c3 Bc5 14.b4 Bb6 15.e6 Bxe6 16.h3
Nxf2 17.Rxf2 Bxf2+ 18.Qxf2 Qf6 19.Be3 g5 20.Nxe6 Qxf2+ 21.Bxf2 fxe6 22.Bd4 a5
23.b5 Rac8 24.Re1 c5 25.Be5 Kf7 26.Bd6 Rfd8 27.Rf1+ Kg8 28.Be5 Rf8

[Event "Aut_2.Bundesliga_Ost_2004/05"]
[Site "Eichgraben(1+2) Wien(3+4) Wien"]
[Date "2004.11.21"]
[Round "4"]
[Board "6"]
[White "Rogetzer, Klaus"]
[Black "Mayr, Thomas"]
[Result "1/2-1/2"]
[WhiteElo "2124"]
[BlackElo "2118"]
[PlyCount "28"]

1.d4 d5 2.c4 Nc6 3.cxd5 Qxd5 4.e3 e5 5.Nc3 Bb4 6.Bd2 Bxc3 7.bxc3 Qd6 8.Qb1 Nf6
9.Bd3 O-O 10.Ne2 Re8 11.Ng3 exd4 12.cxd4 Qxd4 13.O-O Qh4 14.Nf5 Qh5

[Event "Aut_2.Bundesliga_Ost_2004/05"]
[Site "?"]
[Date "2005.01.29"]
[Round "5.1"]
[White "Pokorna, Regina"]
[Black "Schlosser, Michael"]
[Result "1-0"]
[WhiteElo "2370"]
[BlackElo "2364"]
[PlyCount "65"]
[EventDate "2004.10.09"]

1. e4 g6 2. d4 Bg7 3. Nc3 d6 4. f4 Nf6 5. Nf3 O-O 6. Bd3 Na6 7. O-O c5 8. d5
Nc7 9. Qe1 Rb8 10. a4 b6 11. Qh4 a6 12. f5 b5 13. axb5 axb5 14. Bh6 c4 15. Ng5
Nce8 16. fxg6 hxg6 17. Be2 Bd7 18. Rf2 Qb6 19. Raf1 b4 20. Nd1 c3 21. bxc3 bxc3
22. Kh1 Qb4 23. Bxg7 Kxg7 24. Rxf6 Nxf6 25. Rxf6 Rh8 26. Rxf7+ Kg8 27. Qf4 Re8
28. h3 Qa4 29. Ne3 Qa1+ 30. Kh2 Qe1 31. Bg4 Rh4 32. Ne6 Bxe6 33. dxe6 1-0

[Event "Aut_2.Bundesliga_Ost_2004/05"]
[Site "?"]
[Date "2005.01.29"]
[Round "5.1"]
[White "Wirius, Stefan"]
[Black "Staudner, Oliver"]
[Result "1/2-1/2"]
[WhiteElo "2334"]
[BlackElo "2392"]
[PlyCount "76"]
[EventDate "2004.10.09"]

1. Nf3 Nf6 2. g3 d5 3. Bg2 b5 4. b3 Bb7 5. c4 c6 6. Bb2 e6 7. O-O Be7 8. d3 O-O
9. Nbd2 Nbd7 10. Qc2 Qb6 11. Rac1 Rfc8 12. e4 a5 13. e5 Ne8 14. Bd4 c5 15. Be3
Qc7 16. Bf4 h6 17. h4 a4 18. Rfe1 Qa5 19. Nf1 Nc7 20. N1h2 axb3 21. axb3 Qa2
22. Qd1 Nb6 23. h5 dxc4 24. dxc4 Rd8 25. Qc2 Qxc2 26. Rxc2 Ra3 27. Nd2 Bxg2 28.
Kxg2 bxc4 29. Nxc4 Rxb3 30. Na5 Rb5 31. Nc6 Rd7 32. Nxe7+ Rxe7 33. Be3 Nd7 34.
f4 Nd5 35. Bf2 Re8 36. Nf3 Rc8 37. Nd2 Kh7 38. Ne4 Rf8 1/2-1/2

[Event "Aut_2.Bundesliga_Ost_2004/05"]
[Site "?"]
[Date "2005.01.29"]
[Round "5.1"]
[White "Bukacek, Emil"]
[Black "Hodysh, Yuriy"]
[Result "1-0"]
[WhiteElo "2240"]
[BlackElo "2166"]
[PlyCount "107"]
[EventDate "2004.10.09"]

1. e4 c5 2. c3 d6 3. d4 Nf6 4. Bd3 g6 5. f4 Bg7 6. dxc5 dxc5 7. e5 Ng4 8. Bb5+
Bd7 9. e6 Bxb5 10. exf7+ Kxf7 11. Qb3+ c4 12. Qxb5 Qd3 13. Qxb7 Rd8 14. Qf3 h5
15. Qxd3 cxd3 16. Nf3 Nc6 17. O-O Kg8 18. h3 Nh6 19. Nbd2 Nf5 20. Ne4 Rab8 21.
Rd1 Rd5 22. Rb1 h4 23. Bd2 e5 24. c4 Rdd8 25. Nf2 e4 26. Nxe4 Bxb2 27. Nc3 Ba3
28. Rxb8 Bc5+ 29. Kh2 Rxb8 30. Ne4 Be7 31. Bc3 Rd8 32. Ne1 Ne3 33. Rxd3 Rxd3
34. Nxd3 Nxc4 35. g4 hxg3+ 36. Kxg3 Kf7 37. Kf3 Ke6 38. Ng3 Nd6 39. Nb4 Nb8 40.
Nc2 Nb5 41. Nd4+ Nxd4+ 42. Bxd4 Nc6 43. Ke4 Nxd4 44. Kxd4 Bd6 45. Ke4 Kf6 46.
Nf1 Ba3 47. Ng3 Bb4 48. Kf3 Ba3 49. Kg4 Bc1 50. h4 Be3 51. Ne4+ Ke6 52. Kg5 Kd5
53. Nc3+ Kd4 54. Nb5+ 1-0

[Event "Aut_2.Bundesliga_Ost_2004/05"]
[Site "?"]
[Date "2005.01.29"]
[Round "5.1"]
[White "Pachta, Paul"]
[Black "Schumi, Manfred"]
[Result "1-0"]
[WhiteElo "2159"]
[BlackElo "2225"]
[PlyCount "85"]
[EventDate "2004.10.09"]

1. d4 Nf6 2. Nf3 g6 3. c4 Bg7 4. g3 O-O 5. Bg2 d6 6. O-O Nbd7 7. Nc3 e5 8. e4
a6 9. a4 exd4 10. Nxd4 Ne5 11. b3 c5 12. Nde2 Re8 13. Bb2 Nc6 14. Qd2 Nd4 15.
Nxd4 cxd4 16. Nd5 Nxe4 17. Bxe4 Rxe4 18. f3 Re6 19. Bxd4 Bd7 20. Bxg7 Kxg7 21.
Qd4+ Kg8 22. Rae1 Bc6 23. Rxe6 fxe6 24. Nf6+ Kh8 25. Ne4+ e5 26. Qxd6 Qxd6 27.
Nxd6 Kg7 28. Kf2 Rd8 29. c5 Rd7 30. a5 Kf6 31. Ke3 Ke6 32. b4 Rd8 33. Rd1 Rd7
34. Rd3 Rd8 35. Ke2 Bd5 36. Re3 Kf6 37. Rd3 Rxd6 38. cxd6 Bc4 39. d7 Bxd3+ 40.
Kxd3 Ke7 41. Ke4 Kxd7 42. Kxe5 Kc6 43. Kd4 1-0

[Event "Aut_2.Bundesliga_Ost_2004/05"]
[Site "?"]
[Date "2005.01.29"]
[Round "5.1"]
[White "Rogetzer, Klaus"]
[Black "Wirius, Johannes"]
[Result "0-1"]
[WhiteElo "2124"]
[BlackElo "2182"]
[PlyCount "72"]
[EventDate "2004.10.09"]

1. d4 f5 2. Nf3 Nf6 3. g3 e6 4. Bg2 Be7 5. O-O O-O 6. c4 d5 7. b3 c6 8. Bb2 Ne4
9. Nfd2 Nd7 10. Qc2 Ndf6 11. Nc3 Bd7 12. Rae1 b5 13. f3 Nxd2 14. Qxd2 bxc4 15.
bxc4 Rb8 16. e4 Qb6 17. Ba1 fxe4 18. fxe4 dxc4 19. Kh1 Bb4 20. Qe2 Qa6 21. Rf4
Rbd8 22. Ref1 Be7 23. d5 e5 24. Rh4 Bc5 25. dxc6 Bxc6 26. Bh3 Ba8 27. Bg2 Bd4
28. Nd5 Nxd5 29. Rxf8+ Rxf8 30. Bxd4 exd4 31. exd5 d3 32. Qe4 h6 33. Bh3 Qf6
34. Qe6+ Qxe6 35. Bxe6+ Kh7 36. Rxc4 d2 0-1

[Event "Aut_2.Bundesliga_Ost_2004/05"]
[Site "?"]
[Date "2005.01.29"]
[Round "5.1"]
[White "Zaynard, Andreas"]
[Black "Steiner, Johann"]
[Result "1/2-1/2"]
[WhiteElo "2038"]
[BlackElo "2051"]
[PlyCount "30"]
[EventDate "2004.10.09"]

1. e4 d5 2. d3 dxe4 3. dxe4 Qxd1+ 4. Kxd1 Nc6 5. Be3 e5 6. Nd2 Be6 7. c3 a6 8.
a4 Nf6 9. f3 Be7 10. g3 Na5 11. Kc2 c5 12. b3 O-O 13. Bh3 Bxh3 14. Nxh3 Rfd8
15. Nf2 Rac8 1/2-1/2

[Event "Aut_2.Bundesliga_Ost_2004/05"]
[Site "?"]
[Date "2005.01.29"]
[Round "5.2"]
[White "Polak, Thomas"]
[Black "Videki, Sandor"]
[Result "1-0"]
[WhiteElo "2466"]
[BlackElo "2414"]
[PlyCount "76"]
[EventDate "2004.10.09"]

1. d4 d5 2. c4 c6 3. Nf3 dxc4 4. e3 Be6 5. a4 Nf6 6. Na3 g6 7. Bxc4 Bxc4 8.
Nxc4 c5 9. Qb3 Qd5 10. O-O cxd4 11. Rd1 Nc6 12. Qxb7 Rb8 13. Qc7 Qd7 14. Qxd7+
Nxd7 15. exd4 Rb4 16. d5 Rxc4 17. dxc6 Rxc6 18. Be3 Bg7 19. Bxa7 Bxb2 20. Rab1
Rc7 21. Be3 Bc3 22. a5 O-O 23. a6 Ra8 24. Rb7 Rxb7 25. axb7 Ra1 26. Rxa1 Bxa1
27. Ba7 f6 28. b8=Q+ Nxb8 29. Bxb8 e5 30. g4 Kf7 31. Kf1 e4 32. Nd2 f5 33. h3
Ke6 34. Bf4 fxg4 35. hxg4 h5 36. Kg2 hxg4 37. Kg3 g5 38. Bc7 Kd5 1-0

[Event "Aut_2.Bundesliga_Ost_2004/05"]
[Site "?"]
[Date "2005.01.29"]
[Round "5.2"]
[White "Groetz, Harald"]
[Black "Weissenbeck, Manuel"]
[Result "0-1"]
[WhiteElo "2299"]
[BlackElo "2254"]
[PlyCount "124"]
[EventDate "2004.10.09"]

1. e4 c5 2. Nf3 d6 3. d4 cxd4 4. Nxd4 Nf6 5. Nc3 a6 6. Bc4 e5 7. Nf3 Be7 8. O-O
O-O 9. Re1 b5 10. Bb3 Bb7 11. Nd5 Nxd5 12. Bxd5 Nc6 13. Be3 Rc8 14. a4 b4 15.
a5 Qc7 16. Re2 h6 17. Qd2 Bf6 18. Bb6 Qd7 19. Rd1 Nd4 20. Nxd4 Bxd5 21. exd5
exd4 22. Qxb4 Qf5 23. c4 dxc3 24. bxc3 Rxc3 25. Qxd6 Rd3 26. Rxd3 Qxd3 27. Re1
Bc3 28. Rf1 Re8 29. g3 Re2 30. Qc6 Bf6 31. d6 Rd2 32. Bc7 Kh7 33. Re1 Bd4 34.
Qe4+ Qxe4 35. Rxe4 Bxf2+ 36. Kf1 Bc5 37. Ke1 Rd5 38. Ke2 Bxd6 39. Bxd6 Rxd6 40.
Ra4 Rd5 41. Ke3 Kg6 42. Ke4 Rb5 43. h4 h5 44. Kf4 Kf6 45. Ke4 Ke6 46. Kf4 g6
47. Ke3 Rf5 48. Ke4 Kd6 49. Kd4 Kc6 50. Kc4 Re5 51. Ra1 Re4+ 52. Kd3 Rb4 53.
Ke3 Kb5 54. Ra2 Ra4 55. Rd2 Rg4 56. Kf3 Kxa5 57. Rd5+ Kb4 58. Rd6 a5 59. Rf6 a4
60. Rxf7 a3 61. Kg2 a2 62. Rf1 Rc4 0-1

[Event "Aut_2.Bundesliga_Ost_2004/05"]
[Site "?"]
[Date "2005.01.29"]
[Round "5.2"]
[White "Hechl, Gerald"]
[Black "Hangweyrer, Manfred"]
[Result "0-1"]
[WhiteElo "2252"]
[BlackElo "2347"]
[PlyCount "78"]
[EventDate "2004.10.09"]

1. e4 d5 2. exd5 Nf6 3. d4 Nxd5 4. Nf3 g6 5. c4 Nb6 6. Nc3 Bg7 7. Be3 O-O 8.
Be2 Bg4 9. c5 Nd5 10. Nxd5 Qxd5 11. h3 Bf5 12. O-O Nc6 13. Qa4 Rad8 14. Rfd1 a6
15. Rac1 Be4 16. Rd2 Qd7 17. Qd1 h6 18. Ne5 Qe6 19. Bc4 Bd5 20. Nxc6 Qxc6 21.
Bxd5 Rxd5 22. Rc3 Rfd8 23. Rcd3 Qd7 24. Qb3 c6 25. f4 g5 26. fxg5 hxg5 27. Qd1
Qf5 28. Rb3 R8d7 29. Rf2 Qg6 30. Rd2 Qe4 31. Rbd3 Bf6 32. Qh5 Rxc5 33. dxc5
Rxd3 34. Rxd3 Qxd3 35. Bf2 Qb1+ 36. Kh2 Qxb2 37. Bg3 Qxa2 38. Qg4 Qe6 39. Qb4
Qd7 0-1

[Event "Aut_2.Bundesliga_Ost_2004/05"]
[Site "?"]
[Date "2005.01.29"]
[Round "5.2"]
[White "Batyte, Daiva"]
[Black "Wanderer, Thomas"]
[Result "0-1"]
[WhiteElo "2130"]
[BlackElo "2206"]
[PlyCount "80"]
[EventDate "2004.10.09"]

1. e4 c5 2. c3 Nf6 3. Bd3 d6 4. Nf3 Bg4 5. h3 Bxf3 6. Qxf3 Nc6 7. Qe2 a6 8. Bc2
e5 9. d3 Be7 10. Nd2 O-O 11. Nf1 d5 12. Ng3 Qc7 13. O-O Rfe8 14. Nf5 Rad8 15.
Bg5 h6 16. Bxf6 Bxf6 17. exd5 Rxd5 18. Qf3 Qd8 19. Rad1 Bg5 20. h4 Bf6 21. Rfe1
Rd7 22. Re4 Kh7 23. Rg4 g6 24. h5 e4 25. Rxe4 Rxe4 26. Qxe4 gxf5 27. Qxf5+ Kg8
28. d4 Bg7 29. Qh7+ Kf8 30. Rd3 cxd4 31. Bb3 dxc3 32. Rg3 Qf6 33. bxc3 Re7 34.
Rf3 Re1+ 35. Kh2 Qh4+ 36. Rh3 Qxf2 37. Rg3 Rh1+ 38. Kxh1 Qxg3 39. Qf5 Qe1+ 40.
Kh2 Be5+ 0-1

[Event "Aut_2.Bundesliga_Ost_2004/05"]
[Site "?"]
[Date "2005.01.29"]
[Round "5.2"]
[White "Mayr, Thomas"]
[Black "Wiedermann, Franz"]
[Result "1/2-1/2"]
[WhiteElo "2118"]
[BlackElo "2083"]
[PlyCount "109"]
[EventDate "2004.10.09"]

1. e4 d5 2. exd5 Qxd5 3. Nc3 Qa5 4. d4 c6 5. Nf3 Bf5 6. Bd2 Nd7 7. Bc4 Ngf6 8.
O-O e6 9. d5 Qc5 10. dxe6 Qxc4 11. exd7+ Nxd7 12. Re1+ Be7 13. b3 Qa6 14. Nd4
Bg6 15. Bg5 Nf6 16. Bxf6 gxf6 17. Qf3 O-O-O 18. Nxc6 Qxc6 19. Qxc6+ bxc6 20.
Rxe7 Rhe8 21. Rxe8 Rxe8 22. g3 Bxc2 23. Rc1 Bd3 24. f4 Kb7 25. Kf2 Kb6 26. Rd1
Bf5 27. Na4+ Kb5 28. Rc1 Bg4 29. Rc2 Re6 30. a3 a5 31. Rc5+ Ka6 32. Rc2 Rd6 33.
Ke3 Re6+ 34. Kd4 Ka7 35. Rd2 h5 36. Nc5 Rd6+ 37. Kc3 Rxd2 38. Kxd2 Kb6 39. Na4+
Kc7 40. Kd3 Kd6 41. Kd4 Bd1 42. Nc5 Kc7 43. Kc3 Bf3 44. b4 axb4+ 45. Kxb4 Kd6
46. Kc4 Be2+ 47. Kd4 f5 48. a4 f6 49. a5 Kc7 50. Nd3 Bf1 51. Nc5 Be2 52. Ne6+
Kd6 53. Nc5 Kc7 54. Nd3 Bf1 55. Nc5 1/2-1/2

[Event "Aut_2.Bundesliga_Ost_2004/05"]
[Site "?"]
[Date "2005.01.29"]
[Round "5.3"]
[White "Volkmann, Friedrich Karl"]
[Black "Lipka, Juraj"]
[Result "1/2-1/2"]
[WhiteElo "2454"]
[BlackElo "2387"]
[PlyCount "36"]
[EventDate "2004.10.09"]

1. d4 d5 2. c4 dxc4 3. e3 e6 4. Bxc4 Nf6 5. Nf3 c5 6. O-O a6 7. dxc5 Bxc5 8.
Qxd8+ Kxd8 9. a3 Ke7 10. b4 Bd6 11. Bb2 b5 12. Be2 Bb7 13. Nbd2 Nbd7 14. Nb3
Bd5 15. Na5 e5 16. Rfd1 Rac8 17. Rac1 h6 18. Kf1 Ke6 1/2-1/2

[Event "Aut_2.Bundesliga_Ost_2004/05"]
[Site "?"]
[Date "2005.01.29"]
[Round "5.3"]
[White "Alvir, Aco"]
[Black "Schroll, Gerhard"]
[Result "1/2-1/2"]
[WhiteElo "2381"]
[BlackElo "2364"]
[PlyCount "32"]
[EventDate "2004.10.09"]

1. e4 e5 2. Nf3 Nf6 3. d4 Nxe4 4. Bd3 Nc6 5. dxe5 d5 6. exd6 Nxd6 7. O-O Be7 8.
Nc3 Be6 9. Bf4 Qd7 10. Re1 O-O-O 11. Qe2 Bf6 12. Ne5 Bxe5 13. Bxe5 Bg4 14. Qf1
Nxe5 15. Rxe5 f6 16. Ree1 Bf5 1/2-1/2

[Event "Aut_2.Bundesliga_Ost_2004/05"]
[Site "?"]
[Date "2005.01.29"]
[Round "5.3"]
[White "Smolen, Jan"]
[Black "Posch, Werner"]
[Result "1-0"]
[WhiteElo "2334"]
[BlackElo "2170"]
[PlyCount "91"]
[EventDate "2004.10.09"]

1. e4 Nf6 2. Nc3 d5 3. e5 Ne4 4. Nce2 d4 5. c3 Nc6 6. Nxd4 Nxd4 7. Qa4+ c6 8.
Qxd4 Qxd4 9. cxd4 Ng5 10. Bc4 Ne6 11. Ne2 Nc7 12. d3 Be6 13. Nf4 Bd5 14. Nxd5
Nxd5 15. Bxd5 cxd5 16. e6 Rc8 17. Bf4 Rc6 18. exf7+ Kxf7 19. Kd2 e6 20. Rhc1
Bb4+ 21. Kd1 Rhc8 22. Rxc6 Rxc6 23. h3 Ba5 24. Rb1 b5 25. Be5 g6 26. Ra1 Bd8
27. g4 Ke7 28. h4 Kd7 29. h5 gxh5 30. gxh5 Bh4 31. f3 Rc8 32. a4 Rg8 33. Kc2 b4
34. a5 a6 35. Kb3 Rg2 36. Kxb4 Rxb2+ 37. Kc3 Re2 38. Rg1 Kc6 39. Rg7 Kb5 40.
Kb3 Bd8 41. Rxh7 Bxa5 42. h6 Re1 43. Rb7+ Kc6 44. Rf7 Re3 45. h7 Rxd3+ 46. Kc2
1-0

[Event "Aut_2.Bundesliga_Ost_2004/05"]
[Site "?"]
[Date "2005.01.29"]
[Round "5.3"]
[White "Mueller, Roland"]
[Black "Kuthan, Andreas"]
[Result "1/2-1/2"]
[WhiteElo "2096"]
[BlackElo "2235"]
[PlyCount "28"]
[EventDate "2004.10.09"]

1. d4 Nf6 2. c4 g6 3. Nc3 Bg7 4. e4 d6 5. f3 O-O 6. Nge2 c5 7. d5 e6 8. Ng3
exd5 9. cxd5 a6 10. a4 Nbd7 11. Be2 h5 12. Be3 Re8 13. Nf1 Nh7 14. Nd2 Bd4
1/2-1/2

[Event "Aut_2.Bundesliga_Ost_2004/05"]
[Site "?"]
[Date "2005.01.29"]
[Round "5.3"]
[White "Froschauer, Hans"]
[Black "Steiner, Adam"]
[Result "1/2-1/2"]
[WhiteElo "2122"]
[BlackElo "2041"]
[PlyCount "80"]
[EventDate "2004.10.09"]

1. e4 c5 2. Nf3 d6 3. d4 cxd4 4. Qxd4 Nc6 5. Bb5 Bd7 6. Bxc6 bxc6 7. c4 e5 8.
Qd3 Qc7 9. O-O Be7 10. Nc3 Be6 11. b3 Rd8 12. Bb2 Nf6 13. Rac1 O-O 14. Nd5 cxd5
15. cxd5 Qb7 16. dxe6 Nxe4 17. exf7+ Rxf7 18. Rfe1 Nc5 19. Rxc5 dxc5 20. Qc4
Qd5 21. Nxe5 Qxc4 22. bxc4 Rf6 23. Bc3 Rfd6 24. Kf1 Bf6 25. f4 Ra6 26. Re2 Ra4
27. Rc2 Rd6 28. Rb2 Rb6 29. Rd2 Rb7 30. Rc2 Ra6 31. Ke2 Rd6 32. Ke3 Rd1 33. Ke4
Rbb1 34. Bd2 Rh1 35. Be3 Bxe5 36. fxe5 Rbe1 37. h3 Rhf1 38. Rb2 Rf7 39. Rb8+
Rf8 40. Rb7 Rf7 1/2-1/2

[Event "Aut_2.Bundesliga_Ost_2004/05"]
[Site "?"]
[Date "2005.01.29"]
[Round "5.4"]
[White "Sommerbauer, Norbert"]
[Black "Varga, Zoltan"]
[Result "0-1"]
[WhiteElo "2419"]
[BlackElo "2538"]
[PlyCount "78"]
[EventDate "2004.10.09"]

1. Nf3 d5 2. c4 d4 3. b4 f6 4. e3 e5 5. Qb3 Nh6 6. c5 a5 7. Bc4 axb4 8. O-O
Bxc5 9. exd4 exd4 10. a3 Nc6 11. Bb5 Bd7 12. Qd5 Bb6 13. Bb2 Ne7 14. Bxd7+ Qxd7
15. Qxb7 O-O 16. axb4 Rxa1 17. Bxa1 Nc6 18. Rc1 Ne5 19. Na3 Nd3 20. Rf1 Ne5 21.
Nxe5 fxe5 22. Nc4 Qe6 23. d3 Nf7 24. Qe4 Re8 25. Re1 Nd6 26. Nxd6 cxd6 27. Qc6
d5 28. Qxe6+ Rxe6 29. f3 Kf7 30. Kf1 Bc7 31. b5 Rb6 32. Rb1 g5 33. g3 Ke8 34.
Kg2 Kd7 35. Rb3 Rb8 36. Bb2 Bd6 37. Bc1 h6 38. h4 Rc8 39. Rb1 gxh4 0-1

[Event "Aut_2.Bundesliga_Ost_2004/05"]
[Site "?"]
[Date "2005.01.29"]
[Round "5.4"]
[White "Hagara, Eduard"]
[Black "Schweda, Roland"]
[Result "1-0"]
[WhiteElo "2398"]
[BlackElo "2410"]
[PlyCount "119"]
[EventDate "2004.10.09"]

1. e4 c5 2. Nf3 d6 3. d4 cxd4 4. Nxd4 Nf6 5. Nc3 a6 6. Be3 e5 7. Nb3 Be6 8. f3
Be7 9. Qd2 O-O 10. O-O-O Qc7 11. g4 Rc8 12. g5 Nh5 13. Nd5 Bxd5 14. exd5 Nd7
15. Bh3 a5 16. a3 Bf8 17. Kb1 a4 18. Nc1 Nf4 19. Bf5 g6 20. Ne2 Nxe2 21. Qxe2
Re8 22. Bxd7 Qxd7 23. h4 Bg7 24. h5 Rac8 25. Rh4 b5 26. Rdh1 Rc4 27. Rxc4 bxc4
28. Qxc4 Rc8 29. Qe4 Qb5 30. Rh4 Rb8 31. Bc1 Qf1 32. c3 Qd1 33. h6 Bh8 34. Rh2
f5 35. gxf6 Bxf6 36. Rg2 Kf7 37. f4 Qh5 38. Qxa4 Qf5+ 39. Ka1 Re8 40. Rf2 e4
41. Be3 Qxd5 42. Rd2 Qe6 43. Qc6 Rd8 44. Rd5 Be7 45. Qc4 Rc8 46. Qd4 Bf6 47.
Qd2 Rc6 48. Ra5 Qb3 49. Ra7+ Ke6 50. Bd4 Be7 51. Qe2 Qd5 52. Ra4 Qf5 53. Bg7 d5
54. Qb5 Rd6 55. Be5 Rd7 56. Ra8 Kf7 57. Rh8 g5 58. Qb8 Ke6 59. Qg8+ Qf7 60. f5+
1-0

[Event "Aut_2.Bundesliga_Ost_2004/05"]
[Site "?"]
[Date "2005.01.29"]
[Round "5.4"]
[White "Krpelan, Wolfgang"]
[Black "Rudolf, Herbert"]
[Result "1/2-1/2"]
[WhiteElo "2246"]
[BlackElo "2225"]
[PlyCount "82"]
[EventDate "2004.10.09"]

1. e4 c5 2. c3 b6 3. d4 Bb7 4. d5 Nf6 5. Bd3 c4 6. Bxc4 Nxe4 7. Qd4 Nd6 8. Bd3
e6 9. c4 Qf6 10. Qxf6 gxf6 11. Nc3 Na6 12. Bf4 Nb4 13. O-O-O Nxd3+ 14. Rxd3 e5
15. Bg3 Rc8 16. Nf3 Rxc4 17. Re1 Kd8 18. Nd2 Rc8 19. Bh4 Be7 20. Nde4 Nxe4 21.
Rxe4 d6 22. Ra4 a5 23. f4 b5 24. Rxa5 b4 25. Ra7 Rc7 26. Bf2 Kc8 27. Bb6 Rc4
28. Ra4 Rxf4 29. Nb5 Rg8 30. g3 Rf1+ 31. Kd2 Rg4 32. Na7+ Kd7 33. Nc6 Bxc6 34.
Ra7+ Bb7 35. Rxb7+ Ke8 36. Rb8+ Kd7 37. a4 f5 38. Rb7+ Ke8 39. Rb8+ Kd7 40. Ke2
Ra1 41. Rb7+ Ke8 1/2-1/2